000 01098nam a2200301 i 4500
001 69716
003 Mx-PuUPA
005 20220615121326.0
008 220614s2010 ck |||gr|||| 00| 0 spa d
020 _a9789587161793
040 _aMx-PuUPA
_bspa
_cMx-PuUPA
_dMx-PuUPA
_erda
041 0 _aspa
100 1 _aLozada Lora, Rodrigo,
_eautor
_912761
245 1 0 _aEnfoques para el análisis político :
_bhistoria, epistemología y perspectivas de la ciencia política /
_cRodrigo Losada L., Andrés Casas Casas
264 1 _aBogotá :
_bEditorial Pontificia Universidad Javeriana,
_c2010
300 _a431 páginas ;
_c24 cm
336 _2rdacontent
_atexto
_btxt
337 _2rdamedia
_asin medio
_bn
338 _2rdacarrier
_avolumen
_bnc
545 _aReimpresión: (Primera, 2010).
650 7 _2armarc
_aCiencias políticas
650 7 _2armarc
_aCiencias políticas
_xFilosofía
700 1 _aCasas Casas, Andrés,
_eautor
942 _2ddc
_cLI
_h320
_iL925
999 _c69716
_d69716